Normal view
MARC view
Entry Genre/Form Term
001 - CONTROL NUMBER
- control field: 10466
003 - CONTROL NUMBER IDENTIFIER
- control field: MaObMVR
005 - DATE AND TIME OF LATEST TRANSACTION
- control field: 20170901120619.0
008 - FIXED-LENGTH DATA ELEMENTS
- fixed length control field: 170901|| aca||aabn | a|a d
040 ## - CATALOGING SOURCE
- Original cataloging agency: MaObMVR
- Transcribing agency: MaObMVR
155 ## - HEADING--GENRE/FORM TERM
- Genre/form term: Novels in verse
- Form subdivision: Juvenile
670 ## - SOURCE DATA FOUND
- Source citation: Work cat.: (MaObMVR)0: Lai, Thanhha, author 10461, Inside out & back again /
